Вып. 4; Приборы для научных исследований

Bibliografiske detaljer
Parent link:Приборы для научных исследований: аннотированный текущий указатель изобретений/ Академия наук СССР (АН СССР), Сибирское отделение (СО), Государственная публичная научно-техническая библиотека (ГПНТБ) ; под ред. Ю. М. Щекочихина. Вып. 4.— , 1985-1986
Sprog:russisk
Udgivet: 1986
Fag:
Format: MixedMaterials Bog
KOHA link:https://koha.lib.tpu.ru/cgi-bin/koha/opac-detail.pl?biblionumber=278393

MARC

LEADER 00000nam2a2200000 4500
001 278393
005 20231101235117.0
035 |a (RuTPU)RU\TPU\book\301670 
090 |a 278393 
100 |a 20141211d1986 km y0rusy50 ca 
101 0 |a rus 
102 |a RU 
105 |a a c 001zy 
200 0 |a Вып. 4 
210 |d 1986 
215 |a 304 с.  |c ил. 
320 |a Нумерационный указатель: с. 289-295 
461 1 |0 (RuTPU)RU\TPU\book\294617  |t Приборы для научных исследований  |o аннотированный текущий указатель изобретений  |o в 4 вып.  |f Академия наук СССР (АН СССР), Сибирское отделение (СО), Государственная публичная научно-техническая библиотека (ГПНТБ) ; под ред. Ю. М. Щекочихина  |v Вып. 4  |d 1985-1986 
606 1 |a Библиографические пособия  |x Отраслевые  |2 stltpush  |3 (RuTPU)RU\TPU\subj\28539  |9 52057 
606 1 |a Приборостроение  |2 stltpush  |3 (RuTPU)RU\TPU\subj\71978  |9 85626 
610 1 |a библиографические пособия 
610 1 |a аннотированные указатели 
610 1 |a изобретения 
610 1 |a приборы 
610 1 |a научные исследования 
675 |a 681.2(01)  |v 4 
686 |a Я19  |v LBC/SL-A  |2 rubbk 
801 1 |a RU  |b 63413507  |c 20141211 
801 2 |a RU  |b 63413507  |c 20180111  |g RCR 
942 |c BK